| 000 | 01063nam a22002177a 4500 | ||
|---|---|---|---|
| 999 |
_c58032 _d58032 |
||
| 003 | Ge_BSU | ||
| 005 | 20210518135932.0 | ||
| 008 | 210518s2008 ge ||||| |||| 00| 0 geo d | ||
| 020 | _a 9789941140495 | ||
| 041 | _ageo | ||
| 080 | _a621.397.2(076.1) ნ-24 | ||
| 100 |
_aნანობაშვილი, ვ. _93031 |
||
| 245 |
_aტელეკომუნიკაციის მიმმართველი სისტემები : _b(ამოცანები და მაგალითები) : [დამხმ. სახელმძღვ.] / _cვ. ნანობაშვილი, ვ. ნანობაშვილი ; სტუ. |
||
| 264 |
_aთბ. : _b[ტექნ. უნ-ტი], _c2008. |
||
| 300 |
_a99 გვ. : _b ნახ., ცხ. ; _c20 სმ. |
||
| 501 | _aდანართი: გვ. 75-97. | ||
| 504 | _aბიბლიოგრ.: გვ. 98. | ||
| 653 | _aტელეკომუნიკაცია | ||
| 700 |
_aნანობაშვილი, ვ. _eავტორი _93031 |
||
| 942 |
_2udc _cBK |
||